Rytier alebo človiečik žije

Bibliographic Details
Main Author: Železnikov, Vladimir (Author)
Other Authors: Šoltýsová, Nadežda, 1933-2000 (Translator), Zimka, Ondrej, 1937- (gup)
Format: Article
Language:Slovak
Subjects:

MARC

LEADER 00000nab a2200000 a 4500
001 vtls000008904
003 SK-MaSNL
005 20260303220924.0
008 150430c1978 xo 0 slo
015 |a SNBRB19rr/mm-uuuuu 
035 |a CL0018998 
040 |a SNKBUCL  |b slo  |c SNKBUCL  |e AACR2 
041 0 |a slo 
044 |a xo  |c SK 
080 |a 882-3(087.5)  |2 1981 
100 1 |a Železnikov, Vladimir  |4 aut  |9 279180 
245 1 0 |a Rytier alebo človiečik žije  |c Vladimír Železnikov ; Naďa Šoltýsová, Ondrej Zimka 
650 0 7 |a rozprávky autorské  |2 snkbucl  |9 315429 
650 0 7 |a sovietska literatúra  |2 snkbucl  |9 22300 
650 0 7 |a literatúra pre deti a mládež  |2 snkbucl  |9 21893 
655 7 |a články z novín a časopisov  |2 snkbucl  |9 267496 
655 7 |a články z odboru literárna veda a krásna literatúra  |2 snkbucl  |9 770045 
700 1 |a Šoltýsová, Nadežda,  |d 1933-2000  |4 trl  |9 183041 
700 1 |a Zimka, Ondrej,  |d 1937-  |4 gup  |9 103112 
773 0 |t Slniečko  |g Roč. 11, č. 1 (1978), s. 14-15 
850 |a Slovenská národná knižnica v Martine  |a MTA001 
852 |a SNK  |b KIS3GCP 
958 |a RK 
958 |a LX 
958 |a SK 
992 |a RBX 
999 |c 2229666  |d 2231596